00728nam a22002057a 450000500170000001000140001702000380003103500140006903700090008308200100009224500730010226000400017527000680021530000300028349000060031370000210031994200240034099900190036495201390038320241209111311.0 a B-761426 a9788181534818 (Pt.2)c290.00  aB-761425  bGift a507.8 aRainbow 101 Science Projects -2/ cedited and compiled by Aakanksha aDelhi bRainbow Books c2019(repr.) aF-32, Street No.12, Parwana Road, Jagat Puri, b Delhi e110051 a112p.c25cm(Hb)bcol.ill. v2 aAakanksha955845 2ddccCHmRAIh507.8 c207484d207484 001040708NFICaLbLd2024-12-09eGift/9.12.24g290.00l0oRAI 507.8pB-761426r2024-12-09 00:00:00t1v290.00w2024-12-09yCHzGift